Najdłuższe nazwy miast w Polsce od A-Z - Statystyki

Ogólne statystyki
  • Ten quiz został rozwiązany 24 razy
  • Średni wynik to 9 z 26
Statystyki odpowiedzi
# Liczba liter Miasto % Poprawnych
Ć 7 Ćmielów
95%
O 22 Ostrowiec Świętokrzyski
79%
E 6 Elbląg
74%
F 8 Frombork
74%
C 19 Czerwionka-Leszczyny / Czechowice-Dziedzice
68%
A 19 Aleksandrów Kujawski
63%
H 10 Hrubieszów
53%
N 19 Nowe Miasto Lubawskie / Nowe Miasto nad Pilicą
42%
S 19 Sędziszów Małopolski / Siemianowice Śląskie
42%
U 13 Ustrzyki Dolne
37%
D 18 Dąbrowa Białostocka
32%
Ż 8 Żelechów / Żyrardów
32%
G 20 Grodzisk Wielkopolski
26%
L 17 Lidzbark Warmiński
26%
P 19 Piotrków Trybunalski
26%
Ś 17 Środa Wielkopolska
21%
T 18 Tomaszów Mazowiecki
21%
I 14 Izbica Kujawska
16%
Ł 12 Łaziska Górne
16%
Z 16 Ząbkowice Śląskie
16%
B 19 Baranów Sandomierski
11%
J 20 Janowiec Wielkopolski
11%
K 20 Kalwaria Zebrzydowska
11%
M 20 Miasteczko Krajeńskie
0%
R 17 Rejowiec Fabryczny
0%
W 18 Wysokie Mazowieckie
0%
Nie znaleziono quizów pasujących do podanych kryteriów
Rozkład punktacji
Procent ludzi z każdym wynikiem
Percentyl według liczby udzielonych odpowiedzi
Twoja historia wyników
Nie rozwiązałeś tego quizu